Arizona 100k cities - Statistics

General Stats
  • This quiz has been taken 55 times
  • The average score is 9 of 13
Answer Stats
Hint Answer % Correct
1,650,070 Phoenix
100%
547,239 Tucson
97%
511,648 Mesa
95%
244,394 Scottsdale
86%
280,167 Chandler
76%
253,855 Glendale
76%
275,411 Gilbert
73%
189,834 Tempe
68%
158,285 Surprise
65%
198,750 Peoria
62%
100,858 Yuma
59%
108,909 Buckeye
46%
111,805 Goodyear
46%
No matching quizzes found
Score Distribution
Percent of People with Each Score
Percentile by Number Answered
Your Score History
You have not taken this quiz